Escritoras chilenas: Tercer Volumen. Novela y Cuento

保存先:
書誌詳細
第一著者: Rubio, Patricia (著者)
フォーマット: 図書
言語:スペイン語
出版事項: Santiago Cuarto Propio 1999
版:1a. ed
主題:
タグ: タグ追加
タグなし, このレコードへの初めてのタグを付けませんか!

MARC

LEADER 00000nam a2200000 a 4500
001 UCH3471
003 CL-VaPUC
008 090730e19991000CL |||||||||||||||||spa|d
020 |a 9562601625 
082 0 4 |a Ch860.9  |b RUB  |2 21 
100 0 |a Rubio, Patricia  |e author  |9 538823 
245 1 0 |a Escritoras chilenas: Tercer Volumen. Novela y Cuento 
250 |a 1a. ed 
300 |a v 
942 |c BK 
945 |d 20090730 00:00:00  |a dcastane 
260 |a Santiago  |b Cuarto Propio  |c 1999 
650 0 |a Literatura chilena   |9 308278 
650 0 |a Crítica e interpretación   |9 255042 
583 |a last modification  |c 20090730 00:00:00  |k Rodrigo Vera 
999 |c 335010  |d 335008 
952 |0 0  |1 0  |4 0  |6 CH_860_900000000000000_RUB_1999  |7 0  |8 A  |9 424481  |a BIBCUR  |b BIBCUR  |d 2019-11-22  |h v.3  |i 4579526  |l 1  |o Ch860.9 RUB 1999  |p 4579526  |r 2025-04-22  |s 2024-01-05  |w 2019-11-22  |y BK  |k PER